Kępka, Izabela. Modlitewniki Kalwarii Wejherowskiej (1785-1901). - Gdańsk : Wydaw. Uniw. Gdańskiego. - 2005 [Rezension]

Titel: Kępka, Izabela. Modlitewniki Kalwarii Wejherowskiej (1785-1901). - Gdańsk : Wydaw. Uniw. Gdańskiego. - 2005 [Rezension]
Verfasser:
In: Acta cassubiana, Band 8 (2006), Seite 342-345
alle Artikel anzeigen
Veröffentlicht: 2006
Format: Aufsatz
Sprache: Polnisch
Kein Bild verfügbar
X
alg: 39530767
001A    $01999:12-11-16 
001B    $06050:10-03-26 $t09:56:27.000 
001D    $01999:12-11-16 
001U    $0utf8 
001X    $00 
002@    $0Aox 
003@    $0395307678 
007A    $0395307678 $aHEB 
007T    $0Herdkk00000177 
010@    $apol 
011@    $a2006 
021A    $aKępka, Izabela. Modlitewniki Kalwarii Wejherowskiej (1785-1901). - Gdańsk : Wydaw. Uniw. Gdańskiego. -  2005 [Rezension] 
028A    $aRogowska-Cybulska $dEwa 
031A    $d8 $h342-345 $j2006 
039B    $aIn $8--Abvc--. Acta cassubiana. - Gdańsk : [Verlag nicht ermittelbar], 1999-. - ISSN 1509-5703 $x200600000080000658 $9099074672 
039T    $8--Aax--Kępka, Izabela. Modlitewniki Kalwarii Wejherowskiej (1785-1901). - Gdańsk : Wydaw. Uniw. Gdańskiego, 2005. - 146, nlb. 2, il $9395624134 
045F    $a900.9438 $eDDC23BSB 
045F/01 $a900 
045F/03 $g438 
045F/03 $g4382 
045F/03 $g43832 
045T    $a7,41 $a7,39 
045T    $aOST $qDE-12 $2FID 

lok: 39530767 78

exp: 39530767 78 1 #EPN
201B/01 $018-11-16 $t14:27:29.000 
201U/01 $0utf8 
203@/01 $0791646319 
208@/01 $a12-11-16 $be 
209A/01 $a/ $f000 $x00 
220C/01 $aTitelaufnehmer: pbb 
220C/01 $aHerkunft: PBB/IH PAN 
244Z/01 $2Trx $#Prusy Wschodnie i Zachodnie $8--Trx--Ost- und Westpreußen $x01 $939113373X 
244Z/01 $2Trx $#Poola $#Lenkija $#Polija $#Polen Land $#Poland $#Lengyelország $#Poľsko $#Polsko $8--Trx--Polska$gkraj $x02 $9391345966 
244Z/01 $2Trx $#arvustused $#recenzijos $#Reviews $#recenziók $#recenzje $#recenzie $#recenze $8--Trx--Rezensionen $x03 $9391357441 
247C/01 $82080>Marburg/Lahn, Herder-Institut, Forschungsbibliothek, Bibliographieportal $9336309341
LEADER 00000caa a22000002c 4500
001 395307678
003 DE-603
005 20260310095627.0
007 tu
008 161112s2006 xx |||| | u00||u|pol c
035 |a (DE-599)HEB395307678 
040 |a DE-603  |b ger  |c DE-603  |d DE-603 
041 |a pol 
082 0 4 |8 1\u  |a 900.9438  |q DE-101  |2 23/BSB 
084 |a 7,41  |a 7,39  |2 ssgn 
084 |a OST  |q DE-12  |2 fid 
085 |8 1\u  |b 900 
085 |8 1\u  |z 2  |s 438 
085 |8 1\u  |z 2  |s 4382 
085 |8 1\u  |z 2  |s 43832 
100 1 |a Rogowska-Cybulska, Ewa 
245 0 0 |a Kępka, Izabela. Modlitewniki Kalwarii Wejherowskiej (1785-1901). - Gdańsk : Wydaw. Uniw. Gdańskiego. - 2005 [Rezension] 
264 0 |c 2006 
773 0 8 |i In  |t Acta cassubiana  |d Gdańsk : [Verlag nicht ermittelbar], 1999-  |x 1509-5703  |g Band 8 (2006), Seite 342-345  |w (DE-603)099074672  |w (DE-600)2050525-5 
787 0 8 |i Rezension von  |a Kępka, Izabela  |t Modlitewniki Kalwarii Wejherowskiej (1785-1901)  |d Gdańsk : Wydaw. Uniw. Gdańskiego, 2005  |h 146, nlb. 2, il  |w (DE-603)395624134 
924 0 |9 2080  |a (DE-603)791646319  |b DE-2080  |c HES  |d d  |g /